Statistics for Guess The Female Canadian Singers

Click here to take the quiz!

General Stats

  • This quiz has been taken 36 times
  • The average score is 6 of 12

Answer Stats

Answer% Correct
Celine Dion
100%
Avril Lavigne
97%
Alanis Morissette
74%
Shania Twain
71%
Carly Rae Jepsen
63%
Joni Mitchell
54%
Nelly Furtado
51%
KD Lang
43%
Anne Murray
37%
Sarah McLachlan
26%
Rita MacNeil
14%
Alannah Myles
11%

Score Distribution

Percentile by Number Answered

Percent of People with Each Score

Your Score History

You have not taken this quiz